00362nam a2200133Ia 4500003000400000008004100004040001600045082001600061100001900077245004200096260006300138300000800201650001900209GCL140319s9999 xx 000 0 eng d aGCL / cGCL04a892.76bN J1 aNAGUIB MAHFOUZ10aLE JARDIN DU PASSE / cNAGUIB MAHFOUZ a[S.N] : bTHE AMERICAN UNIVERSITY IN CAIRO PRESS ، c1989 a44204aNAGUIB MAHFOUZ